Drapeaux des pays se terminant par -stan. - Statistiques

Statistiques générales
  • Ce quiz a été pris 263 fois
  • Le résultat moyen est 6 sur 7
Statistiques - réponses
Par images Réponse % Correct
Kazakhstan
93%
Pakistan
90%
Ouzbékistan
88%
Turkménistan
84%
Afghanistan
83%
Tadjikistan
75%
Kirghizistan
74%
Aucun quiz correspondant
Distribution des résultats
% des personnes avec chaque résultat
Percentile par nombre de réponses
Votre historique - résultats
Vous n’avez pas pris ce quiz